Baldur’s Gate 3 - Act 1 - Statistics

General Stats
  • This quiz has been taken 388 times
    333 since last reset
  • The average score is 21 of 30
Answer Stats
Hint Answer % Correct
The first character you meet during the events of the game Lae’zel
96%
Compassionate leader of the druid faction, who has gone missing Halsin
94%
Dog found mourning his owner in the woods Scratch
91%
Race of the refugees Tiefling
91%
Imposing beast found in a den nearby, with a mother-and-cub pair Owlbear
90%
Brutal, militant Drow paladin; one of the goblin faction leaders Minthara
88%
New-age cult god followed by the goblin faction The Absolute
87%
Friendly undead being who can be recruited to provide re-leveling, resurrections, and hired help Withers
86%
Leader of the refugees Zevlor
86%
Auntie Ethel is this type of monster, deceiving and enslaving mortals from her swamp teahouse Hag
84%
Ship piloted by Mind Flayers, one of which you escape from in the prologue Nautiloid
83%
The goblins are holed up in a temple to this moon goddess Selûne
83%
Proper name for Mind Flayers Illithid
76%
Harsher acting-leader after the disappearance of the above Kagha
76%
Druidic settlement providing tentative asylum to refugees Emerald Grove
73%
Title held by high-ranking cultists of the above True Soul
73%
Immortal God-Queen of the Githyanki Vlaakith
73%
Supposed paladins of this god hunt Karlach Tyr
71%
Crafty goblin priestess; one of the goblin faction leaders Gut
67%
Process of turning into a Mind Flayer Ceremorphosis
66%
Alternate, overland entrance to the Shadow-cursed Lands Mountain Pass
65%
Drow cultist working with the Duergar Nere
62%
Faction of thieves with a hideout along the Risen Road Zhentarim
62%
Deep gnome captured by goblins, and later Duergar Barcus Wroot
56%
Brash hobgoblin; one of the goblin faction leaders Dror Ragzlin
56%
Vengeful myconid whose colony was wiped out by the Duergar Glut
47%
Myconid sovereign in conflict with the Duergar Spaw
32%
Powerful metal that can be used to create equipment at Grymforge Adamantite
25%
The real name of the Blighted Village, destroyed and occupied by goblins Moonhaven
25%
Religious building that serves as an encampment for the githyanki Creche Y’llek Rosymorn Monastery
25%
No matching quizzes found
Score Distribution
Percent of People with Each Score
Percentile by Number Answered
Your Score History
You have not taken this quiz since the last reset